000 00217 a2200097 4500
001 45597
100 _aDulles, A
245 _athe craft of intelligence
260 _aLondon
_bWestview press
_c
090 _c28761
_d28761
942 _aNUST-CAE
_cM
_c20848
999 _c280670
_d280670